| 000 | 00667nam a2200181Ia 4500 | ||
|---|---|---|---|
| 008 | 100920s9999 xx 000 0 und d | ||
| 082 |
_b91794 _a28 व 51 थ 73 |
||
| 100 | _aचेंदवणकर सदानंद. | ||
| 245 | _aशेख मुजिबूर रहमान. | ||
| 260 |
_bचित्रशाळा प्रकाशन.पुणे2. _c1973 |
||
| 300 |
_a67 _bसाधी |
||
| 365 | _b3 | ||
| 520 | _aबा. वि चरित्र. | ||
| 630 | _aशेख मुजिबूर रहमान. | ||
| 650 | _aबा. वि चरित्र. | ||
| 730 | _aशेख मुजिबूर रहमान. | ||
| 942 | _cBOOK | ||
| 999 |
_c732260 _d732257 |
||